The ten- year nap (Record no. 36379)

MARC details
000 -LEADER
fixed length control field 00392nam a2200169Ia 4500
020 ## - INTERNATIONAL STANDARD BOOK NUMBER
ISBN 978- 1- 59448- 5
050 ## - CALL MARK
Classification number PS3573.O564T45
100 ## - STATEMENT OF RESPONSIBILITY--MAIN AUTHOR NAME
Personal name Meg Wolitzer
245 #4 - TITLE STATEMENT
Title The ten- year nap
260 ## - PUBLICATION, DISTRIBUTION, ETC. (IMPRINT)
Name of publisher Riverhead books
260 ## - PUBLICATION, DISTRIBUTION, ETC. (IMPRINT)
Year of publication 2008
300 ## - PHYSICAL DESCRIPTION
Number of Pages 351 p
650 ## - SUBJECT ADDED ENTRY--TOPICAL TERM
Topical Term Marriage- fiction
942 ## - ADDED ENTRY ELEMENTS (KOHA)
Koha item type Books
Holdings
Withdrawn status Lost status Source of classification or shelving scheme Damaged status Not for loan Permanent Location Current Location Date acquired Accession Number Price effective from Koha item type
    Library of Congress Classification     NILE UNIVERSITY OF NIGERIA - MAIN LIBRARY NILE UNIVERSITY OF NIGERIA - MAIN LIBRARY 04/23/2025 0006144 04/23/2025 Books